Het Spinozahuis : negen-en-dertigste jaarverslag /

محفوظ في:

المؤلف الرئيسي: Spinozahuis, Het (مؤلف)

التنسيق: كتاب الكتروني

اللغة: English
Dutch

منشور في: Leiden ; Boston : Brill, 2025.

سلاسل: European History and Culture - Book Archive pre-2000.

الموضوعات:

الوصول للمادة أونلاين: Login to view Source

الوسوم: إضافة وسم

لا توجد وسوم, كن أول من يضع وسما على هذه التسجيلة!

رقم الطلب: D410

LEADER 01633nam a22004338i 4500
001 BRILL9789004732353
003 nllekb
005 20250515095713.0
006 m d
007 cr un uuuua
008 250423s2025 gw sb 001 0 eng d
020 |a 9789004732353  |q (electronic book) 
020 |z 9789004732346  |q (print) 
024 7 |a 10.1163/9789004732353  |2 DOI 
040 |a NL-LeKB  |c NL-LeKB  |e rda 
041 |a dut 
050 4 |a D410 
072 7 |a HBJD  |2 bicssc 
072 7 |a HIS  |x 010000  |2 bisacsh 
082 0 4 |a 910.82  |2 23 
100 1 |a Spinozahuis, Het,  |e author. 
245 1 0 |a Het Spinozahuis :  |b negen-en-dertigste jaarverslag /  |c Het Spinozahuis. 
246 3 |a negen-en-dertigste jaarverslag 
264 1 |a Leiden ;  |a Boston :  |b Brill,  |c 2025. 
264 4 |c ©2025 
336 |a text  |b txt  |2 rdacontent 
337 |a computer  |b c  |2 rdamedia 
338 |a online resource  |2 rdacarrier 
490 1 |a European History and Culture - Book Archive pre-2000 
504 |a Includes bibliographical references and index. 
505 0 |t Front Matter -- Preliminary Material -- Bestuur -- Het Spinozahuis /  |r W. G. van der Tak -- Back Matter -- Addendum -- Bijlage -- Verslag van den Penningmeester /  |r J. Coert. 
546 |a Dutch 
588 |a Description based on print version record. 
650 0 |a History. 
776 0 8 |i Print version:  |t Het Spinozahuis : negen-en-dertigste jaarverslag.  |d Leiden ; Boston : Brill, 2025.  |z 9789004732346 
830 0 |a European History and Culture - Book Archive pre-2000. 
856 4 |z DOI:   |u http://dx.doi.org/10.1163/9789004732353 
942 |2 lcc  |c EBOOK 
999 |c 60824  |d 60824